Los noventa: política, sociedad y cultura en América Latina y Argentina de fin de siglo /
Sparad:
| Huvudupphovsman: | |
|---|---|
| Materialtyp: | Okänd |
| Publicerad: |
Buenos Aires:
FLACSO. Sede Académica Argentina. Eudeba,
Universidad de Buenos Aires
|
| Ämnen: | |
| Taggar: |
Lägg till en tagg
Inga taggar, Lägg till första taggen!
|
MARC
| LEADER | 00000 a2200000 04500 | ||
|---|---|---|---|
| 001 | 19343 | ||
| 003 | |||
| 008 | 991231s d | ||
| 040 | |a CRAI/IIS |c CRAI/IIS | ||
| 090 | |a 145804 | ||
| 100 | |a Filmus, Daniel | ||
| 245 | |a Los noventa: política, sociedad y cultura en América Latina y Argentina de fin de siglo / |c Daniel Filmus | ||
| 260 | |a Buenos Aires: |b FLACSO. Sede Académica Argentina. Eudeba, |c Universidad de Buenos Aires | ||
| 300 | |a 279 p. | ||
| 650 | |a EDUCACION | ||
| 650 | |a REFORMAS DE LA EDUCACION | ||
| 650 | |a MERCADO DE TRABAJO | ||
| 650 | |a TRABAJO | ||
| 650 | |a EMPLEO | ||
| 650 | |a DESIGUALDAD SOCIAL | ||
| 650 | |a IGUALDAD DE OPORTUNIDADES | ||
| 650 | |a CONDICIONES DE VIDA | ||
| 999 | |c 3649 |d 3649 | ||
